01597nab a2200445 a 450000100060000000300080000600500170001400600190003100700150005000800410006502200150010603500210012104000260014205000230016808000130019110000260020422200310023024501320026126000640039330000120045736200290046953301640049854600560066265000240071865000260074265000220076865000180079065000280080865000190083665000180085565000270087365000280090065000200092865000410094865500320098971000190102174000320104085600620107299900170113430647FlNmELB20241216220607.0m o d | cr cn|||||||||200608r19932003sp |||||s|||||||||||spa d z1413506623 a(OCoLC)955349828 aFlNmELBbspacFlNmELB 4aHM101bR616 1993eb a17.032.31 aRiva, Fernando de la. 0aIntervención Psicosocial10aApuntes para la incorporación de la iniciativa social a la intervención socialh[recurso electronico]cFernando de la Riva. aMadrid :bColegio Oficial de Psicólogos de Madrid,c1993. a3-12 p.0 aVol. 2, núm. 2 (1993)- aRecurso electrónico. Santa Fe, Arg.: e-libro, 2015. Disponible vía World Wide Web. El acceso puede estar limitado para las bibliotecas afiliadas a e-libro. aArtículos en castellano; resúmenes en inglés. 4aServicios sociales. 4aAcciones voluntarias. 4aMovilidad social. 4aAsociaciones. 4aParticapación social. 0aSocial change. 0aMass society. 0aCommunity development. 0aCommunity organization. 0aSocial service. 0aVolunteer workers in social service. 4aArtículos electrónicos.2 ae-libro, Corp.02aIntervención Psicosocial.40uhttps://elibro.net/ereader/politecnicointernacional/14257 c30647d30647